Zwycięzcy Wyścigów Formuły 1 - Nagła Śmierć - Statystyki

Ogólne statystyki
  • Ten quiz został rozwiązany 57 razy
  • Średni wynik to 6 z 16
Answers on the Grid
Answers color-coded by a green-red scale on the quiz's grid according to % correct below.
Daniil Kvyat
Robert Kubica
Pierre Gasly
Nico Hulkenberg
Nick Heidfeld
Esteban Ocon
Vitaly Petrov
Alex Albon
Romain Grosjean
Kevin Magnussen
Valtteri Bottas
Sergio Perez
Carlos Sainz Jr.
Lance Stroll
Kimi Antonelli
Bruce McLaren
Kamui Kobayashi
Chris Amon
Stefan Johansson
Ronnie Peterson
Eddie Irvine
Ralf Schumacher
Clay Regazzoni
Jo Bonnier
Andrea De Cesaris
Nelsinho Piquet
Derek Warwick
Timo Glock
Pedro Rodriguez
Alessandro Nannini
Lorenzo Bandini
Heikki Kovalainen
 
Statystyki odpowiedzi
Odpowiedź % Poprawnych
Robert Kubica
74%
Sergio Perez
66%
Carlos Sainz Jr.
63%
Valtteri Bottas
63%
Pierre Gasly
53%
Ralf Schumacher
50%
Esteban Ocon
39%
Bruce McLaren
34%
Heikki Kovalainen
34%
Eddie Irvine
26%
Clay Regazzoni
16%
Ronnie Peterson
16%
Alessandro Nannini
11%
Jo Bonnier
5%
Lorenzo Bandini
5%
Pedro Rodriguez
3%
Nie znaleziono quizów pasujących do podanych kryteriów
Rozkład punktacji
Procent ludzi z każdym wynikiem
Percentyl według liczby udzielonych odpowiedzi
Twoja historia wyników
Nie rozwiązałeś tego quizu